01262nam a2200325Ia 4500001001200000003000800012006001900020007001500039008004100054010001700095020002700112020003000139020001800169040002100187035002100208050002300229082001800252245011100270260004700381300003700428504005100465533015200516650003100668650002200699655002900721700002600750710001700776856012600793999001700919ebr10661675CaPaEBRm u cr cn|||||||||090114s2009 nyua sb 001 0 eng d z 2009001311 z1606929062 (hardcover) z9781606929063 (hardcover) z9781608768127 aCaPaEBRcCaPaEBR a(OCoLC)84764319114aQH585b.A34 2009eb04a571.601/122200aAdvanced topics in cell model systemsh[electronic resource] /cAntonella Macagnano ... [et al.], editors. aNew York :bNova Biomedical Books,cc2009. aviii, 113 p. :bill. (some col.) aIncludes bibliographical references and index. aElectronic reproduction.bPalo Alto, Calif. :cebrary,d2013.nAvailable via World Wide Web.nAccess may be limited to ebrary affiliated libraries. 0aCellsxSimulation methods. 0aArtificial cells. 7aElectronic books.2local1 aMacagnano, Antonella.2 aebrary, Inc.40uhttp://site.ebrary.com/lib/rucke/Doc?id=10661675zAn electronic book accessible through the World Wide Web; click to view c65891d65891